Introducción a la informática

Uloženo v:
Podrobná bibliografie
Hlavní autor: Beekman, George (Autor)
Médium: Kniha
Jazyk:španělština
Vydáno: Madrid Prentice Hall 2005
Vydání:6a. ed
Témata:
Tagy: Přidat tag
Žádné tagy, Buďte první, kdo vytvoří štítek k tomuto záznamu!

MARC

LEADER 00000nam a2200000 a 4500
001 UCJ0923
003 CL-VaPUC
008 060914e20050000SP |||||||||||||||||spa|d
020 |a 8420543454 
082 0 4 |a 004  |b BEE  |2 21 
100 0 |a Beekman, George  |e author  |9 501377 
245 1 0 |a Introducción a la informática 
250 |a 6a. ed 
300 |a 627 p 
942 |c BK 
945 |d 20060914 00:00:00  |a jtorresc 
260 |a Madrid  |b Prentice Hall  |c 2005 
500 |a Incluye un cd-rom 
500 |a Copias 434769-770 sin CD 
650 0 |a Informática   |9 260044 
650 0 |a Computadores  |9 258188 
650 7 |a HARDWARE  |2 CL-VaPUC  |9 345461 
650 7 |a SOPORTES MAGNETICOS  |2 CL-VaPUC  |9 387310 
650 0 |a Bases de datos   |9 260577 
650 0 |a Programación de computadores   |9 259531 
650 0 |a Aplicaciones de computadores  |9 260401 
650 0 |a Software  |9 387312 
583 |a last modification  |c 20140409 03:47:25  |k Rodrigo Vera 
999 |c 317661  |d 317659 
952 |0 0  |1 0  |4 0  |6 004_000000000000000_BEE_2005  |7 0  |8 A  |9 394413  |a BIBING  |b BIBING  |d 2019-11-22  |i 4278909  |l 1  |o 004 BEE 2005  |p 4278909  |r 2024-01-25  |s 2022-03-14  |w 2019-11-22  |y BK  |k CCI 
952 |0 0  |1 0  |4 0  |6 004_000000000000000_BEE_2005  |7 0  |8 A  |9 394414  |a BIBING  |b BIBING  |d 2019-11-22  |i 4278917  |o 004 BEE 2005  |p 4278917  |r 2024-01-25  |w 2019-11-22  |y BK  |k CCI 
952 |0 0  |1 0  |4 0  |6 004_000000000000000_BEE_2005  |7 0  |8 A  |9 394415  |a BIBING  |b BIBING  |d 2019-11-22  |i 4278925  |o 004 BEE 2005  |p 4278925  |r 2024-01-25  |w 2019-11-22  |y BK  |k CCI 
952 |0 0  |1 0  |4 0  |6 004_000000000000000_BEE_2005  |7 0  |8 A  |9 394417  |a BIBING  |b BIBING  |d 2019-11-22  |i 4278941  |o 004 BEE 2005  |p 4278941  |r 2024-01-25  |w 2019-11-22  |y BK  |k CCI 
952 |0 0  |1 0  |4 0  |6 004_000000000000000_BEE_2005  |7 0  |8 A  |9 394418  |a BIBING  |b BIBING  |d 2019-11-22  |i 427895K  |o 004 BEE 2005  |p 427895K  |r 2024-01-25  |w 2019-11-22  |y BK  |k CCI 
952 |0 0  |1 0  |4 0  |6 004_000000000000000_BEE_2005  |7 0  |8 A  |9 394420  |a BIBING  |b BIBING  |d 2019-11-22  |i 4347706  |o 004 BEE 2005  |p 4347706  |r 2024-01-25  |w 2019-11-22  |y BK  |k CCI